000 01464nam a2200433 i 4500
001 44315
003 KOSZ 005
005 20221025110014.0
008 980618s1998 pl a f |000 0 pol
015 _aPB 1998/7488
020 _a8302068578
020 _a8302068586
040 _aWA N
_cWA N
_dKOSZ 005/HR
046 _k1998
080 _a696
080 _a628.6
080 _a(075.3)
100 1 _aKrygier, Krystyna
_eAutor
245 1 0 _aInstalacje sanitarne :
_bpodręcznik dla szkoły zasadniczej i technikum.
_nCz. 2 /
_cKrystyna Krygier, Stefan Cieślowski.
260 _aWarszawa :
_bWydawnictwa Szkolne i Pedagogiczne,
_c1998.
300 _a286, [1] s. :
_bfot., rys. ;
_c21 cm.
336 _2rdacontent
_aTekst
_btxt
337 _2rdamedia
_aBez urządzenia pośredniczącego
_bn
338 _2rdacarrier
_aWolumin
_bnc
380 _aKsiążki
388 _a1901-2000
388 _a1989-2000
490 1 _aTechnologia.
500 _aW cz. 1 odwrotna kolejność aut.
504 _aBibliogr. s. 286-[287].
650 4 _aInstalacje sanitarne
655 4 _aPodręczniki dla szkół zawodowych
658 _aInżynieria i technika
700 1 _aCieślowski, Stefan
_eAutor
710 2 _aWydawnictwa Szkolne i Pedagogiczne
_4pbl.
830 0 _aTechnologia
856 _uhttp://koha.tu.koszalin.pl/cgi-bin/koha/opac-detail.pl?biblionumber=44315
_yKatalog online BPK
942 _2UKD
_cKS
999 _c44315
_d44315